[Event "Barcelona Sant Marti op 11th"]
[Site "Barcelona"]
[Date "2024.02.29"]
[Round "8"]
[White "Albert Cristobal, Jorge"]
[Black "Fernandez Cardenete, Alejandro"]
[Result "0-1"]
[WhiteElo "1734"]
[BlackElo "1512"]
[PlyCount "72"]
[EventDate "2024.01.11"]
[EventType "swiss"]
[EventRounds "9"]
[EventCountry "ESP"]
[SourceTitle "CB11_2024"]
[SourceDate "2024.03.13"]
[SourceVersion "1"]
[SourceVersionDate "2024.03.13"]
[SourceQuality "1"]

1. e4 c6 2. Nc3 d5 3. Nf3 Bg4 4. d4 dxe4 5. Nxe4 Bxf3 6. gxf3 Nd7 7. Bc4 h6 8. Qe2 e6 9. Bf4 Nb6 10. Bb3 Nf6 11. 0-0-0 Nbd5 12. Bg3 Nh5 13. c4 Ndf4 14. Bxf4 Nxf4 15. Qd2 Bd6 16. Nxd6+ Qxd6 17. c5 Qc7 18. Rhg1 Ng6 19. Bc2 Nh4 20. Qe3 Kf8 21. f4 g6 22. Qg3 Nf5 23. Qg4 Rd8 24. Bxf5 exf5 25. Qh4 Kg7 26. Qg3 Rhe8 27. f3 Re2 28. h4 h5 29. Qg5 Kh7 30. Kb1 Qa5 31. Qf6 Rd7 32. Ka1 Qb4 33. Rb1 Qxd4 34. Qg5 Qxc5 35. a3 Rdd2 36. Qf6 Qxa3+ 0-1

[Event "Barcelona Sant Marti op 11th"]
[Site "Barcelona"]
[Date "2024.01.25"]
[Round "3"]
[White "Santolaria Pena, Manel"]
[Black "Albert Cristobal, Jorge"]
[Result "1/2-1/2"]
[WhiteElo "1583"]
[BlackElo "1734"]
[PlyCount "106"]
[EventDate "2024.01.11"]
[EventType "swiss"]
[EventRounds "9"]
[EventCountry "ESP"]
[SourceTitle "CB11_2024"]
[SourceDate "2024.03.13"]
[SourceVersion "1"]
[SourceVersionDate "2024.03.13"]
[SourceQuality "1"]

1. d4 c5 2. e3 Nf6 3. Bd3 cxd4 4. exd4 g6 5. Nf3 Bg7 6. 0-0 0-0 7. Re1 d6 8. h3 Nc6 9. c3 Re8 10. Bf4 Qb6 11. Qc2 Be6 12. Nbd2 Rac8 13. Qb1 Nd8 14. a4 Bd7 15. a5 Qc7 16. c4 Nh5 17. Bh2 Ne6 18. d5 Nd4 19. g4 Nxf3+ 20. Nxf3 Nf6 21. g5 Nh5 22. h4 Bh3 23. Kh1 Qc5 24. Re3 Bg4 25. Qe1 Bxf3+ 26. Rxf3 Qd4 27. Rh3 Nf4 28. Bxf4 Qxf4 29. Qe3 Qd4 30. Rb1 e5 31. b3 Qc3 32. h5 e4 33. Bxe4 Qxe3 34. Rxe3 gxh5 35. Rbe1 Re5 36. f4 Ree8 37. Bxh7+ Kf8 38. Rxe8+ Rxe8 39. Rxe8+ Kxe8 40. Bf5 Bc3 41. Bc8 b6 42. axb6 axb6 43. Kg2 Bd2 44. Kg3 Be1+ 45. Kf3 Kf8 46. Ke4 Kg7 47. Bh3 Kg6 48. Bf5+ Kg7 49. Bh3 Kg6 50. Bg2 Bg3 51. Bh3 Be1 52. Bg2 Bg3 53. Bf3 Bf2 1/2-1/2

[Event "Barcelona Sant Marti op 11th"]
[Site "Barcelona"]
[Date "2024.01.11"]
[Round "1"]
[White "Olleta Tanya, Jordi"]
[Black "Albert Cristobal, Jorge"]
[Result "0-1"]
[WhiteElo "1300"]
[BlackElo "1734"]
[PlyCount "72"]
[EventDate "2024.01.11"]
[EventType "swiss"]
[EventRounds "9"]
[EventCountry "ESP"]
[SourceTitle "CB11_2024"]
[SourceDate "2024.03.13"]
[SourceVersion "1"]
[SourceVersionDate "2024.03.13"]
[SourceQuality "1"]

1. c4 Nf6 2. Nc3 g6 3. e4 d6 4. d4 Nbd7 5. Be2 c5 6. Nf3 cxd4 7. Nxd4 Bg7 8. Nf3 0-0 9. 0-0 b6 10. Nd2 Bb7 11. Bf3 Ne5 12. Nd5 Nfd7 13. Rb1 Nd3 14. Qe2 N3e5 15. g3 e6 16. Ne3 f5 17. exf5 Bxf3 18. Nxf3 Nxf3+ 19. Qxf3 gxf5 20. Ng2 Ne5 21. Qe2 Qc8 22. b3 Re8 23. Be3 Nf7 24. Nf4 e5 25. Ng2 Qe6 26. Rfd1 Qf6 27. Qb2 Qe7 28. Qd2 Rad8 29. f4 Bf6 30. Qf2 Nh6 31. h3 Qg7 32. Kh2 Qg6 33. Rd3 Qh5 34. Kg1 Qxh3 35. Nh4 e4 36. Rc3 Bxc3 0-1

[Event "Barcelona Sant Marti op-B 23rd"]
[Site "Barcelona"]
[Date "2023.07.19"]
[Round "7"]
[White "Albert Cristobal, Jorge"]
[Black "Longueira Lateana, Mariano"]
[Result "0-1"]
[WhiteElo "1769"]
[BlackElo "1630"]
[PlyCount "106"]
[EventDate "2023.07.13"]
[EventType "swiss"]
[EventRounds "9"]
[EventCountry "ESP"]
[SourceTitle "CBM 215 Extra"]
[Source "ChessBase"]
[SourceDate "2023.09.30"]
[SourceVersion "1"]
[SourceVersionDate "2023.09.30"]
[SourceQuality "1"]

1. e4 c6 2. d4 d5 3. Nc3 dxe4 4. Bc4 Nf6 5. f3 exf3 6. Nxf3 Nd5 7. 0-0 Bg4 8. Qe1 Bxf3 9. Rxf3 e6 10. Qg3 Nf6 11. Be3 Qd6 12. Qe1 Be7 13. Rd1 Qb4 14. Bb3 Nbd7 15. Bf4 0-0 16. Bc7 Bd8 17. a3 Qe7 18. Bf4 Nd5 19. Nxd5 cxd5 20. Qg3 Qh4 21. Bd6 Qxg3 22. Rxg3 Re8 23. Ba4 Bf6 24. c3 Red8 25. Bc2 Rac8 26. Bb1 Nb6 27. Bf4 Nc4 28. Bc1 b5 29. Rf1 Be7 30. h4 a5 31. Bg5 Bxg5 32. hxg5 Nxb2 33. Rh3 g6 34. Kf2 Kg7 35. Rf3 Nc4 36. Ke2 Rd7 37. Rh1 Nxa3 38. Rfh3 Rh8 39. Ba2 Rc7 40. Kd3 Nc4 41. Rb1 Nd6 42. Ke2 b4 43. Rc1 bxc3 44. Rc2 Ne4 45. Bb3 Rb8 46. Ba4 Rb4 47. Be8 Rxd4 48. Rf3 Nxg5 49. Rfxc3 Re7 50. Rc8 Rg4 51. Ke3 Rb4 52. Ra8 Ne4 53. Rcc8 Nd6 0-1

[Event "Barcelona Sant Marti op 10th"]
[Site "Barcelona"]
[Date "2023.02.02"]
[Round "4"]
[White "Albert Cristobal, Jorge"]
[Black "Tortosa Moros, Joan"]
[Result "1-0"]
[WhiteElo "1791"]
[BlackElo "1607"]
[PlyCount "55"]
[EventDate "2023.01.12"]
[EventType "swiss"]
[EventRounds "9"]
[EventCountry "ESP"]
[SourceTitle "CBM 213 Extra"]
[Source "ChessBase"]
[SourceDate "2023.05.31"]
[SourceVersion "1"]
[SourceVersionDate "2023.05.31"]
[SourceQuality "1"]

1. e4 c5 2. Nc3 Nc6 3. f4 g6 4. Bc4 e6 5. Nf3 Bg7 6. 0-0 Nge7 7. d3 0-0 8. a3 d5 9. Ba2 dxe4 10. Nxe4 Qb6 11. c3 Rd8 12. Qe2 Nf5 13. g4 Nd6 14. Be3 Nxe4 15. dxe4 Nb8 16. Qf2 Na6 17. Rad1 Rxd1 18. Rxd1 Qc7 19. Qd2 b6 20. f5 exf5 21. Ng5 c4 22. Bf4 Qc5+ 23. Be3 Qc7 24. gxf5 gxf5 25. Qd8+ Bf8 26. Qf6 Bg7 27. Rd8+ Bf8 28. Qh6 1-0

[Event "Barcelona Sant Marti op 10th"]
[Site "Barcelona"]
[Date "2023.01.26"]
[Round "3"]
[White "Subirana Santos, Marc"]
[Black "Albert Cristobal, Jorge"]
[Result "0-1"]
[WhiteElo "1573"]
[BlackElo "1791"]
[PlyCount "98"]
[EventDate "2023.01.12"]
[EventType "swiss"]
[EventRounds "9"]
[EventCountry "ESP"]
[SourceTitle "CBM 213 Extra"]
[Source "ChessBase"]
[SourceDate "2023.05.31"]
[SourceVersion "1"]
[SourceVersionDate "2023.05.31"]
[SourceQuality "1"]

1. b3 Nf6 2. Bb2 d5 3. e3 Bf5 4. c4 e6 5. Nf3 Be7 6. Be2 0-0 7. 0-0 Nbd7 8. Nc3 c6 9. Nh4 Bg6 10. Nxg6 hxg6 11. a3 c5 12. d4 cxd4 13. Qxd4 Nc5 14. Qd1 Nce4 15. Nb5 a6 16. Nd4 Rc8 17. Rc1 Qb6 18. b4 dxc4 19. Bxc4 Rfd8 20. Qe2 a5 21. bxa5 Qxa5 22. Rfd1 Bxa3 23. Ra1 Qb4 24. Bxa3 Qxc4 25. Qxc4 Rxc4 26. Be7 Rdc8 27. h3 Nd5 28. Ba3 e5 29. Nf3 Ndc3 30. Nxe5 Ra4 31. Bb2 Nxd1 32. Rxa4 Ndxf2 33. Ba3 Nc3 34. Rf4 Nxh3+ 35. gxh3 Ne2+ 36. Kf2 Nxf4 37. exf4 Rc3 38. Bb4 Rxh3 39. Nf3 Rh5 40. Ne5 Rf5 41. Kg3 g5 42. Bd2 g6 43. Ng4 gxf4+ 44. Bxf4 Kf8 45. Ne3 Rb5 46. Kg4 f6 47. Nc4 Rb1 48. Nd6 b5 49. Ne4 f5+ 0-1

[Event "Barcelona Sant Marti op 9th"]
[Site "Barcelona"]
[Date "2020.01.23"]
[Round "2"]
[White "Albert Cristobal, Jorge"]
[Black "Perez Pastora, Evaristo"]
[Result "0-1"]
[WhiteElo "1749"]
[BlackElo "2102"]
[PlyCount "66"]
[EventDate "2020.01.16"]
[EventType "swiss"]
[EventRounds "9"]
[EventCountry "ESP"]
[SourceTitle "CBM 195 Extra"]
[Source "ChessBase"]
[SourceDate "2020.05.31"]
[SourceVersion "1"]
[SourceVersionDate "2020.05.31"]
[SourceQuality "1"]

1. e4 c5 2. Nf3 d6 3. d4 cxd4 4. Nxd4 Nf6 5. Nc3 a6 6. Be2 e5 7. Nf5 Bxf5 8. exf5 d5 9. Bg5 d4 10. Bxf6 Qxf6 11. Nd5 Qd6 12. Bf3 Nc6 13. a3 Be7 14. 0-0 0-0 15. Re1 Bf6 16. Be4 Rac8 17. Qf3 Na5 18. b3 Rfd8 19. Rad1 Nc6 20. Qg4 Ne7 21. c4 b5 22. Nxe7+ Qxe7 23. Bd5 Qxa3 24. Qh5 Rc7 25. Rd3 bxc4 26. Rh3 Qa5 27. Bxf7+ Rxf7 28. Kf1 c3 29. Qxh7+ Kf8 30. Rd3 c2 31. Rc1 Qb5 32. Qh8+ Ke7 33. Qh3 e4 0-1

[Event "Barcelona Sant Marti op 9th"]
[Site "Barcelona"]
[Date "2020.01.16"]
[Round "1"]
[White "Ponsa Asensio, Ramon"]
[Black "Albert Cristobal, Jorge"]
[Result "0-1"]
[WhiteElo "1700"]
[BlackElo "1749"]
[PlyCount "108"]
[EventDate "2020.01.16"]
[EventType "swiss"]
[EventRounds "9"]
[EventCountry "ESP"]
[SourceTitle "CBM 195 Extra"]
[Source "ChessBase"]
[SourceDate "2020.05.31"]
[SourceVersion "1"]
[SourceVersionDate "2020.05.31"]
[SourceQuality "1"]

1. c4 e5 2. Nc3 Nc6 3. Nf3 e4 4. Nxe4 d6 5. g3 Bf5 6. Nc3 Qd7 7. Bg2 Nf6 8. d3 h6 9. e4 Bg4 10. h3 Bh5 11. 0-0 Be7 12. Rb1 Nh7 13. Nd5 Bd8 14. Be3 0-0 15. Qd2 Bxf3 16. Bxf3 Qxh3 17. Nf4 Qd7 18. Nh5 Bg5 19. Kg2 Nd4 20. Rh1 f5 21. exf5 Nxf3 22. Kxf3 Rxf5+ 23. Kg2 Qc6+ 24. Kg1 Raf8 25. Qc3 Bf6 26. Nxf6+ Nxf6 27. Rf1 Ng4 28. Bd4 Qf3 29. Rh4 Ne5 30. Qd2 Qxd3 31. Qxd3 Nxd3 32. Re4 c5 33. Be3 b6 34. Re7 R5f7 35. Rxf7 Rxf7 36. b3 Nb4 37. a4 d5 38. cxd5 Nxd5 39. Bc1 Nf6 40. Ba3 Ne4 41. Bc1 Rd7 42. Re1 Nf6 43. Bf4 Kf7 44. Kg2 Rd3 45. Rb1 Nd5 46. Bb8 a6 47. Ba7 Ke6 48. Re1+ Kd7 49. Re5 Kc7 50. Rf5 Nf6 51. Re5 Kb7 52. Re7+ Rd7 53. Rxd7+ Nxd7 54. Bxb6 Kxb6 0-1

[Event "Barcelona Sant Marti op-B 21st"]
[Site "Barcelona"]
[Date "2019.07.21"]
[Round "9"]
[White "Albert Cristobal, Jorge"]
[Black "Llopis Jordan, Lluis"]
[Result "1-0"]
[WhiteElo "1788"]
[BlackElo "1633"]
[PlyCount "37"]
[EventDate "2019.07.13"]
[EventType "swiss"]
[EventRounds "9"]
[EventCountry "ESP"]
[SourceTitle "EXT 2020"]
[Source "ChessBase"]
[SourceDate "2019.10.17"]
[SourceVersion "1"]
[SourceVersionDate "2019.10.17"]
[SourceQuality "1"]

1. e4 c6 2. Nc3 d5 3. Nf3 dxe4 4. Nxe4 Nd7 5. Bc4 Ngf6 6. Neg5 e6 7. Qe2 Nd5 8. d4 Be7 9. Bd3 N5f6 10. Bd2 h6 11. Nxe6 fxe6 12. Bg6+ Kf8 13. Qxe6 Ne5 14. Qxe5 Qd5 15. 0-0 Bg4 16. Qxd5 Nxd5 17. Ne5 Nf6 18. Rfe1 Rd8 19. Nf7 1-0

[Event "Barcelona Sant Marti op-B 21st"]
[Site "Barcelona"]
[Date "2019.07.16"]
[Round "4"]
[White "Cabrera Marmol, Manel"]
[Black "Albert Cristobal, Jorge"]
[Result "0-1"]
[WhiteElo "1573"]
[BlackElo "1788"]
[PlyCount "94"]
[EventDate "2019.07.13"]
[EventType "swiss"]
[EventRounds "9"]
[EventCountry "ESP"]
[SourceTitle "EXT 2020"]
[Source "ChessBase"]
[SourceDate "2019.10.17"]
[SourceVersion "1"]
[SourceVersionDate "2019.10.17"]
[SourceQuality "1"]

1. e4 Nc6 2. d4 e5 3. d5 Nce7 4. Ne2 Nf6 5. Ng3 Ng6 6. h4 Bc5 7. Nc3 Ne7 8. Na4 Bd6 9. c4 Bb4+ 10. Nc3 d6 11. Nh5 Bxc3+ 12. bxc3 Nxh5 13. Qxh5 Ng6 14. Qg5 Qd7 15. Be2 0-0 16. Rh3 f5 17. exf5 Qxf5 18. Rf3 Nf4 19. g4 Qc2 20. Bxf4 exf4 21. Kf1 g6 22. a3 Qe4 23. h5 Qe5 24. Qh4 g5 25. Qh3 h6 26. Rd3 Bd7 27. f3 Rae8 28. Qg2 b5 29. Rd4 Qe3 30. Rd3 Qb6 31. Rd4 Re3 32. Bd3 Rfe8 33. Rd1 Qa5 34. Qd2 Rxf3+ 35. Kg1 Ree3 36. Bf1 Bxg4 37. Re1 Rxe1 38. Qxe1 Re3 39. Qb1 Bxh5 40. Qf5 Qxc3 41. Re4 Rxe4 42. Qxe4 Qg3+ 43. Bg2 Qe3+ 44. Qxe3 fxe3 45. cxb5 Be2 46. a4 Kg7 47. Bh3 Kf6 0-1

[Event "Barcelona Sant Marti op-B 21st"]
[Site "Barcelona"]
[Date "2019.07.15"]
[Round "3"]
[White "Albert Cristobal, Jorge"]
[Black "Asna, Abdeen"]
[Result "0-1"]
[WhiteElo "1788"]
[BlackElo "1326"]
[PlyCount "56"]
[EventDate "2019.07.13"]
[EventType "swiss"]
[EventRounds "9"]
[EventCountry "ESP"]
[SourceTitle "EXT 2020"]
[Source "ChessBase"]
[SourceDate "2019.10.17"]
[SourceVersion "1"]
[SourceVersionDate "2019.10.17"]
[SourceQuality "1"]

1. e4 c5 2. Nf3 d6 3. d4 cxd4 4. c3 Nf6 5. e5 Nd5 6. Qxd4 e6 7. Bg5 Qc7 8. exd6 Qxd6 9. Nbd2 Nc6 10. Bb5 Bd7 11. Bxc6 Bxc6 12. Ne4 Qc7 13. 0-0 f6 14. Bh4 e5 15. Qd3 f5 16. Neg5 e4 17. Qe2 Nf4 18. Qe1 h6 19. Bg3 hxg5 20. Nxg5 Bd6 21. Rd1 Be5 22. Qe3 Ng6 23. f4 Bf6 24. Rf2 Qe7 25. Rfd2 0-0 26. Re1 Bxg5 27. fxg5 f4 28. Qd4 fxg3 0-1

[Event "Barcelona Sant Marti op 7th"]
[Site "Barcelona"]
[Date "2018.03.08"]
[Round "9"]
[White "Poyato Duran, David"]
[Black "Albert Cristobal, Jorge"]
[Result "1-0"]
[WhiteElo "1693"]
[BlackElo "1768"]
[PlyCount "93"]
[EventDate "2018.01.11"]
[EventType "swiss"]
[EventRounds "9"]
[EventCountry "ESP"]
[SourceTitle "EXT 2019"]
[Source "ChessBase"]
[SourceDate "2018.10.10"]
[SourceVersion "1"]
[SourceVersionDate "2018.10.10"]
[SourceQuality "1"]

1. d4 d5 2. c4 e6 3. Nc3 c5 4. cxd5 cxd4 5. Qxd4 Nc6 6. Qd1 exd5 7. Qxd5 Bd7 8. Nf3 Nf6 9. Qd1 Qb6 10. Bg5 Be7 11. Bxf6 Bxf6 12. Nd5 Qxb2 13. Rb1 Qxa2 14. Nxf6+ gxf6 15. Rxb7 Qa5+ 16. Qd2 Qa1+ 17. Qd1 Qa5+ 18. Qd2 Qa1+ 19. Qd1 Qxd1+ 20. Kxd1 0-0-0 21. Rb2 Nd4 22. Kc1 Ba4 23. Rb4 Nxf3 24. Rxa4 Nd4 25. Rxa7 Kb8 26. Rxf7 Rd6 27. Kd2 Nf5+ 28. Ke1 Rc8 29. f3 Ne3 30. Kf2 Re8 31. Rxh7 Rd1 32. g4 Nd5 33. e4 Nc3 34. Bg2 Rd2+ 35. Kg3 Ne2+ 36. Kh4 Nd4 37. Rb1+ Kc8 38. Ra1 Kb8 39. Kh3 Ne2 40. Bf1 Nc3 41. Ra3 Nd1 42. Rb3+ Ka8 43. Bb5 Rc8 44. Ba6 Nf2+ 45. Kg3 Rcd8 46. Bb7+ Kb8 47. Bd5+ 1-0

[Event "Barcelona Tupinamba op 12th"]
[Site "Barcelona"]
[Date "2017.05.03"]
[Round "6.10"]
[White "Gil Vega, Marcel"]
[Black "Albert Cristobal, Jorge"]
[Result "1-0"]
[WhiteElo "1842"]
[BlackElo "1787"]
[PlyCount "117"]
[EventDate "2017.03.22"]
[EventType "swiss"]
[EventRounds "9"]
[EventCountry "ESP"]
[SourceTitle "EXT 2024"]
[Source "ChessBase"]
[SourceDate "2023.10.10"]
[SourceVersion "1"]
[SourceVersionDate "2023.10.10"]
[SourceQuality "1"]

1. d4 d5 2. Nf3 Nf6 3. g3 g6 4. Bg2 Bg7 5. 0-0 c6 6. c4 0-0 7. Nc3 dxc4 8. Ne5 Be6 9. e4 Nbd7 10. Nf3 Nb6 11. Qe2 Qc8 12. a4 a5 13. Be3 Ng4 14. d5 Nxe3 15. Qxe3 cxd5 16. Qxb6 Ra6 17. Qe3 dxe4 18. Nd4 f5 19. Nxe6 Rxe6 20. Rfe1 Rd6 21. Bf1 Bd4 22. Qg5 Qc5 23. Re2 Bf6 24. Qe3 Bd4 25. Qc1 Bf6 26. Nb5 Rc6 27. Rc2 Qb4 28. Bxc4+ Kg7 29. b3 Be5 30. Qe1 Qc5 31. Rd1 f4 32. Qxe4 fxg3 33. hxg3 Bf6 34. Nd4 Rd8 35. Rcd2 Qg5 36. Nf3 Rxd2 37. Rxd2 Qc5 38. Nd4 Qg5 39. Nf3 Qc5 40. Rd5 Qb6 41. Rb5 Qa7 42. Qe1 b6 43. Qe4 Rd6 44. Rd5 Qc7 45. Nd4 Qb8 46. Ne6+ Kh8 47. Qd3 Be5 48. f4 Bf6 49. Rxd6 exd6 50. Qd5 h6 51. Qc6 g5 52. Bd5 gxf4 53. Nxf4 Bd4+ 54. Kg2 Be5 55. Ng6+ Kg7 56. Nh4 Qd8 57. Qb7+ Kf6 58. Qf7+ Kg5 59. Qf5# 1-0

[Event "Barcelona Sant Marti op 6th"]
[Site "Barcelona"]
[Date "2017.02.23"]
[Round "7"]
[White "Vargas Drechsler, Carlos"]
[Black "Albert Cristobal, Jorge"]
[Result "1-0"]
[WhiteElo "1903"]
[BlackElo "1787"]
[PlyCount "79"]
[EventDate "2017.01.12"]
[EventType "swiss"]
[EventRounds "9"]
[EventCountry "ESP"]
[SourceTitle "EXT 2018"]
[Source "ChessBase"]
[SourceDate "2017.10.13"]
[SourceVersion "1"]
[SourceVersionDate "2017.10.13"]
[SourceQuality "1"]

1. d4 Nf6 2. Nf3 e6 3. c4 c5 4. g3 cxd4 5. Nxd4 Nc6 6. Nc2 Bc5 7. Bg2 a5 8. Nc3 0-0 9. 0-0 h6 10. Be3 Qe7 11. Na4 Bxe3 12. Nxe3 d6 13. Qd2 Rd8 14. Rfd1 Ra6 15. Nc3 Ne5 16. Nb5 Ne8 17. Rac1 Qf6 18. a4 h5 19. f4 Nc6 20. Nc2 h4 21. Ncd4 hxg3 22. hxg3 Qg6 23. Kf2 Ne7 24. Qc2 Qf6 25. Nf3 Ng6 26. c5 d5 27. Qc3 Qe7 28. Ne5 Nxe5 29. Qxe5 Nf6 30. Qc7 Qf8 31. Nd6 Ra8 32. Qb6 Ra6 33. Qb3 Qe7 34. Kg1 Rc6 35. e4 Nh5 36. exd5 Rc7 37. Nxc8 Rcxc8 38. d6 Qd7 39. Bxb7 Rb8 40. c6 1-0

[Event "Barcelona Sant Marti op 6th"]
[Site "Barcelona"]
[Date "2017.02.02"]
[Round "4"]
[White "Albert Cristobal, Jorge"]
[Black "Ylla Soro, Rafael"]
[Result "1-0"]
[WhiteElo "1787"]
[BlackElo "1649"]
[PlyCount "45"]
[EventDate "2017.01.12"]
[EventType "swiss"]
[EventRounds "9"]
[EventCountry "ESP"]
[SourceTitle "EXT 2018"]
[Source "ChessBase"]
[SourceDate "2017.10.13"]
[SourceVersion "1"]
[SourceVersionDate "2017.10.13"]
[SourceQuality "1"]

1. e4 c5 2. d4 cxd4 3. c3 dxc3 4. Nxc3 e6 5. Nf3 a6 6. Bc4 b5 7. Bb3 Nc6 8. 0-0 Nge7 9. Bg5 Bb7 10. Re1 f6 11. Bf4 Ng6 12. Bg3 Na5 13. Nd5 Nxb3 14. Qxb3 Rc8 15. Rad1 Be7 16. Nxe7 Nxe7 17. Bd6 0-0 18. Nh4 Re8 19. a4 Bc6 20. axb5 axb5 21. Bxe7 Rxe7 22. Nf5 Bd5 23. Nxe7+ 1-0

[Event "Barcelona Sant Marti op 6th"]
[Site "Barcelona"]
[Date "2017.01.19"]
[Round "2"]
[White "Albert Cristobal, Jorge"]
[Black "Febrero Perez, Lluis"]
[Result "0-1"]
[WhiteElo "1787"]
[BlackElo "1525"]
[PlyCount "58"]
[EventDate "2017.01.12"]
[EventType "swiss"]
[EventRounds "9"]
[EventCountry "ESP"]
[SourceTitle "EXT 2018"]
[Source "ChessBase"]
[SourceDate "2017.10.13"]
[SourceVersion "1"]
[SourceVersionDate "2017.10.13"]
[SourceQuality "1"]

1. e4 e5 2. Bc4 Nf6 3. d4 exd4 4. Nf3 Bb4+ 5. c3 dxc3 6. bxc3 Bc5 7. 0-0 0-0 8. e5 Ng4 9. h3 Nxf2 10. Rxf2 Bxf2+ 11. Kxf2 Nc6 12. Bd3 d6 13. Bf4 dxe5 14. Nxe5 Qf6 15. Nxc6 Qxf4+ 16. Kg1 Qe3+ 17. Kh1 bxc6 18. Na3 Bxh3 19. Qc2 Be6 20. Bxh7+ Kh8 21. Bd3 Rad8 22. Rd1 Rd5 23. Be2 Rxd1+ 24. Qxd1 Qxc3 25. Bd3 g6 26. Nb1 Qd4 27. Qf1 Rd8 28. Be2 Kg7 29. Na3 Rh8+ 0-1

[Event "Sants Hostafrancs op-C 18th"]
[Site "Barcelona"]
[Date "2016.08.20"]
[Round "2"]
[White "Albert Cristobal, Jorge"]
[Black "Asensio Graells, Ricard"]
[Result "1-0"]
[WhiteElo "1781"]
[BlackElo "1640"]
[PlyCount "67"]
[EventDate "2016.08.19"]
[EventType "swiss"]
[EventRounds "10"]
[EventCountry "ESP"]
[SourceTitle "EXT 2019"]
[Source "ChessBase"]
[SourceDate "2018.10.10"]
[SourceVersion "1"]
[SourceVersionDate "2018.10.10"]
[SourceQuality "1"]

1. e4 d5 2. d4 dxe4 3. Nc3 Nf6 4. f3 exf3 5. Qxf3 e6 6. Bd3 c6 7. Nge2 h6 8. 0-0 Nbd7 9. Ng3 Be7 10. Nce4 Nf8 11. Nh5 Qxd4+ 12. Be3 Qe5 13. Nxg7+ Kd8 14. Nxf6 Qxb2 15. Rad1 Nd7 16. Nxd7 Qxg7 17. Nf6 e5 18. Nh5 Qf8 19. Qxf7 Kc7 20. Qxf8 Rxf8 21. Rxf8 Bxf8 22. Rf1 Be6 23. a4 c5 24. Nf6 Kb6 25. Rb1+ Kc7 26. Be4 Rb8 27. h3 a6 28. Bd3 Be7 29. Ne4 c4 30. Be2 Rg8 31. Kh2 Bd5 32. Bf3 h5 33. Nf6 Bxf6 34. Bxd5 1-0

[Event "Sants Hostafrancs op-C 18th"]
[Site "Barcelona"]
[Date "2016.08.19"]
[Round "1"]
[White "Gonzalez Trigo, Jose Luis"]
[Black "Albert Cristobal, Jorge"]
[Result "0-1"]
[WhiteElo "1541"]
[BlackElo "1781"]
[PlyCount "24"]
[EventDate "2016.08.19"]
[EventType "swiss"]
[EventRounds "10"]
[EventCountry "ESP"]
[SourceTitle "EXT 2019"]
[Source "ChessBase"]
[SourceDate "2018.10.10"]
[SourceVersion "1"]
[SourceVersionDate "2018.10.10"]
[SourceQuality "1"]

1. e4 Nc6 2. Nf3 d5 3. exd5 Qxd5 4. Nc3 Qa5 5. d3 Bg4 6. Be2 Nf6 7. 0-0 e6 8. a3 Bd6 9. Bd2 Qh5 10. h3 Bxh3 11. Ng5 Bg4 12. f4 Bc5+ 0-1

[Event "Barcelona Sant Marti op-B 5th"]
[Site "Barcelona"]
[Date "2016.01.21"]
[Round "2"]
[White "Cabrera Marmol, Manel"]
[Black "Albert Cristobal, Jorge"]
[Result "0-1"]
[WhiteElo "1814"]
[BlackElo "1794"]
[PlyCount "82"]
[EventDate "2016.01.14"]
[EventType "swiss"]
[EventRounds "9"]
[EventCountry "ESP"]
[SourceTitle "EXT 2017"]
[Source "ChessBase"]
[SourceDate "2016.10.25"]
[SourceVersion "1"]
[SourceVersionDate "2016.10.25"]
[SourceQuality "1"]

1. e4 e5 2. d4 Nc6 3. Nf3 exd4 4. c3 d3 5. Bxd3 d6 6. Bc4 Be6 7. Bxe6 fxe6 8. Qb3 Qd7 9. Qxb7 Rb8 10. Qa6 Be7 11. 0-0 Nf6 12. Qe2 0-0 13. Rd1 e5 14. Na3 Kh8 15. h3 Qc8 16. Nh4 Qb7 17. Nf5 Bd8 18. Rd3 Rf7 19. Rg3 Ne7 20. Nxe7 Bxe7 21. f3 h6 22. b3 c6 23. h4 Rbf8 24. Be3 d5 25. Nc2 dxe4 26. Rf1 Nd5 27. c4 Nxe3 28. Nxe3 Bxh4 29. Rh3 Bg5 30. Ng4 Qb6+ 31. Kh1 exf3 32. gxf3 c5 33. Qxe5 Rf5 34. Qe4 Kg8 35. Rd1 Qb8 36. Qe6+ Kh7 37. Rd7 Qf4 38. Rd6 Kh8 39. Qg6 Qc1+ 40. Kg2 Be3 41. Nf2 Rg5+ 0-1

[Event "Barcelona Catalunya op 26th"]
[Site "Barcelona"]
[Date "2014.11.15"]
[Round "7"]
[White "Carbajal Gutierrez, Sergi Robert"]
[Black "Albert Cristobal, Jorge"]
[Result "0-1"]
[WhiteElo "1800"]
[BlackElo "1993"]
[PlyCount "94"]
[EventDate "2014.09.27"]
[EventType "swiss"]
[EventRounds "9"]
[EventCountry "ESP"]
[SourceTitle "EXT 2017"]
[Source "ChessBase"]
[SourceDate "2016.10.25"]
[SourceVersion "1"]
[SourceVersionDate "2016.10.25"]
[SourceQuality "1"]

1. d4 d5 2. c4 e5 3. dxe5 d4 4. Nf3 Nc6 5. e3 Bb4+ 6. Bd2 dxe3 7. fxe3 Qe7 8. Bxb4 Qxb4+ 9. Qd2 Qc5 10. Qc3 Be6 11. Nbd2 0-0-0 12. Nb3 Qe7 13. Nbd4 Bd7 14. Nxc6 Bxc6 15. Be2 Nh6 16. 0-0 Rhe8 17. Rae1 Bxf3 18. Bxf3 Qxe5 19. Qxe5 Rxe5 20. Rf2 f5 21. h3 g5 22. g3 g4 23. Bg2 Rd7 24. Kf1 Rde7 25. Rfe2 c6 26. h4 Ng8 27. e4 fxe4 28. Rxe4 Rxe4 29. Rxe4 Rxe4 30. Bxe4 Nf6 31. Bf5+ Kc7 32. Ke2 Kd6 33. Ke3 Ke5 34. Bc2 h6 35. Bg6 a5 36. a4 Nd7 37. Bc2 Nc5 38. Bd1 h5 39. Bc2 b6 40. Bd1 Ne4 41. Bxg4 hxg4 42. h5 Nd6 43. b3 c5 44. h6 Nf5+ 45. Ke2 Nxh6 46. Kd3 Nf5 47. Ke2 Nxg3+ 0-1